000 01408nam0a2200349 i 4500
001 RU\NLR\bibl\2027101
005 20260406010551.0
010 _a978-5-386-05771-8
_95000
021 _aRU
_b2013-26019
_91796
035 _a(NLR Aleph) 002015088
090 _a4477538
_c4477538
100 _a20130423d2013 u y0rusy50 ca
101 0 _arus
102 _aRU
105 _aa f|||000zy
200 1 _aЭнциклопедия татуировок
_fС.В. Филатова
210 _aМосква
_cРипол классик
_d2013
215 _a556, [1] с.
_cил.
_d15
300 _aНа обл. авт. не указан
300 _aРанее кн. выходила под назв. "Модные татуировки со всего света"
451 0 _12001#$aМодные татуировки со всего света
_tМодные татуировки со всего света
606 1 _aТатуировка
_xУдаление
_91752789
_3RU\NLR\auth\661080908
606 1 _aТатуировка
_92074387
_3RU\NLR\auth\661249382
686 _aР601.131.7
686 _aТ595.27
700 1 _4070
_8rus
_7ca
_aФилатова
_bС. В.
_cпопуляризатор
_gСветлана Владимировна
_3RU\NLR\auth\77116028
_998953
801 0 _aRU
_bNLR
_c20130423
_gRCR
801 1 _aRU
_bNLR
_c20130423
942 _cBOOK
980 _aNBR